000 00389 a2200145 4500
040 _aDLC
_bDLC
082 _a891.4393
100 _aKhadija Mastoor
245 _aThakay Haaray
_cKhadija Mastoor
260 _aLahore:
_bSang-e-meel Publications,
_c2004.
300 _a260 p. ;
_c24 cm.
500 _aIncludes Index
650 _aUrdu literature--short stories
942 _cBK
_k891.4393 KHA
_2ddc
999 _c9385
_d9385